03503nam a2200529Ia 45000010005000000080041000050100009000460410014000550820014000692450168000832600021002513000007002725200006002796300022002856300018003076500039003256900024003647000027003887000028004157000037004439010074004809020006005549030035005609040018005959050036006139060006006499070014006559080014006699090045006839100015007289110010007439120014007539130009007679140026007769150019008029160009008219170009008309180014008399190018008535202043008719210007029149220007029219230006029289240014029349420010029489990015029581603241029s9999 xx 000 0 und d a1497 aEspañol aNO APLICA 0aGestión del director con relación a la supervisión del maestro en dos Centros Educativos del Nivel Básico, del Distrito 16-06, Bonao, en el año 2007-2008 aMonseñor Nouel a87 a7 aGestión Escolar aSupervisión aAdministración de la Educación aCopiado sin cambios easesoraGarcía, Luis eautoraMedina, Lorenzo eautoraMorán García, María a{"1":"Medina","2":"Morán García"}b{"1":" Lorenzo","2":"María"} a1 a{"1":"García"}b{"1":"Luis"} aMaestría en aGestión de Centros Educativos a2 aNO APLICA aNO APLICA aUniversidad Adventista Dominicana (UNAD) aNULLbNULL a["1"] aNO APLICA aNULL a01 de Febrero de 2008 a18/07/15 04:07 aNULL aNULL aNO APLICA a["201","187"] aLas diferentes perspectivas teóricas de la organización escolar entienden de manera distinta el perfil, el rol y las funciones del director escolar. De igual modo, existen definiciones diversas del director de centros educativos en diferentes países. Esta investigación describe los rasgos más significativos de la figura del director escolar, de acuerdo con los modelos teóricos clásicos de organización y los modelos políticos más representativos en algunos países. El contraste entre ambos tipos de modelos permite formular algunas conclusiones de carácter general y otras relacionadas más específicamente con la problemática de la dirección escolar en nuestro país.El objetivo general de este estudio es conocer los procesos de gestión del director con relación a la supervisión de sus maestros en dos Centros Educativos públicos y privados del Distrito escolar 16-06.Metodología: Para esta investigación se utilizo la investigación descriptiva, porque sirve para organizar y resumir los aspectos incluidos en el instrumento utilizado para la recolección de los datos que se recolecte en el cuestionario, el estudio se realizó con los veinticinco maestros de ambos centros educativos. Luego de aceptarlo se les aplicó, a la población del estudio, mediante el cual dos directores y veinticinco maestros de ambos centros educativos, se consultaron, los datos recolectados aplicando la metodología estadísticas de frecuencia y porcentajes.Los resultados y hallazgos obtenidos en esta investigación es que se crea un clima de supervisión seguro y ordenado desarrollando proyectos compartidos para mejorar las necesidades de los maestros.Se recomienda que los directores tomen en cuenta la diversidad de capacidades de los maestros y adapten los proyectos a las necesidades de los mismos, tomando en cuenta que se deben tomar las medidas necesarias y trabajar en equipos, ya que de esta manera, todos juntos podemos lograr una educación de calidad en cada centro educativo. a28 a28 a0 aNO APLICA cTesis c1497d1497